[Event "ESP-ch FEDC 26th"]
[Site "Ciudad Real"]
[Date "2017.11.18"]
[Round "7.18"]
[White "Ampudia Asensio, Jose Luis"]
[Black "Ariste Justo, Jesus Angel"]
[Result "1/2-1/2"]
[WhiteElo "1675"]
[BlackElo "1739"]
[PlyCount "142"]
[EventDate "2017.11.12"]
[EventType "swiss"]
[EventRounds "8"]
[EventCountry "ESP"]
[SourceTitle "EXT 2024"]
[Source "ChessBase"]
[SourceDate "2023.10.10"]
[SourceVersion "1"]
[SourceVersionDate "2023.10.10"]
[SourceQuality "1"]

1. d4 d5 2. Nf3 Nf6 3. g3 b6 4. Bg2 Bb7 5. 0-0 e6 6. c4 Nbd7 7. Nc3 Be7 8. cxd5 exd5 9. Bf4 0-0 10. Nb5 c6 11. Nd6 Ba6 12. Nf5 Re8 13. Nxe7+ Rxe7 14. Re1 Nf8 15. Ne5 Bb7 16. Rc1 Qe8 17. Bg5 Ng6 18. Bxf6 gxf6 19. Ng4 Re6 20. Bh3 Rd6 21. Nh6+ Kh8 22. Nf5 Rdd8 23. Qd2 Bc8 24. Qh6 Qf8 25. Qh5 Bxf5 26. Bxf5 Rd6 27. Rc3 Qg7 28. Re3 Kg8 29. Rc1 Kf8 30. Qh3 Re8 31. Rxe8+ Kxe8 32. Rxc6 Rxc6 33. Bd7+ Kf8 34. Bxc6 Ne7 35. Bb5 f5 36. e3 f4 37. Qd7 Qf6 38. exf4 Nf5 39. Qxd5 Nxd4 40. Bc4 Ne6 41. b3 h6 42. Qa8+ Kg7 43. Qxa7 Nd4 44. Qb7 Qg6 45. Qd5 Nc6 46. a4 Na5 47. Qe5+ Kf8 48. f5 Qg5 49. h4 Qc1+ 50. Kg2 Nxc4 51. bxc4 Qxc4 52. Qd6+ Kg8 53. f6 Qxa4 54. Qd8+ Kh7 55. Qf8 Qc6+ 56. Kh2 Qxf6 57. Kg2 b5 58. Qb4 Qc6+ 59. Kh2 Kg6 60. Qb1+ Kg7 61. Qb2+ f6 62. h5 Qd6 63. Qxb5 Qe7 64. Qf5 Qe8 65. Kh3 Qf7 66. f4 Qe8 67. Qg4+ Kh7 68. f5 Kh8 69. Qg6 Qf8 70. g4 Qa3+ 71. Kh4 Qf8 1/2-1/2

[Event "Madrid FEDC-ch 25th"]
[Site "Madrid"]
[Date "2016.11.11"]
[Round "6"]
[White "Losilla Marin, Antonio"]
[Black "Ariste Justo, Jesus Angel"]
[Result "1/2-1/2"]
[WhiteElo "1615"]
[BlackElo "1792"]
[PlyCount "52"]
[EventDate "2016.11.06"]
[EventType "swiss"]
[EventRounds "8"]
[EventCountry "ESP"]
[SourceTitle "CBM 175 Extra"]
[Source "ChessBase"]
[SourceDate "2016.12.12"]
[SourceVersion "1"]
[SourceVersionDate "2016.12.12"]
[SourceQuality "1"]

1. f4 d5 2. Nf3 c5 3. e3 Nc6 4. b3 Nf6 5. Bb2 e6 6. Ne5 Nxe5 7. Bxe5 Be7 8. Bb5+ Bd7 9. Qe2 0-0 10. Bxd7 Nxd7 11. 0-0 Bf6 12. Bxf6 Qxf6 13. Nc3 a6 14. Rae1 Rad8 15. Rf3 Qe7 16. g4 h6 17. Qg2 f5 18. Rg3 fxg4 19. e4 d4 20. Ne2 e5 21. f5 Nf6 22. Kh1 b5 23. Rg1 c4 24. h3 d3 25. cxd3 Rxd3 26. hxg4 Rxg3 1/2-1/2

[Event "Linares FEDC-ch 24th"]
[Site "Linares"]
[Date "2014.11.16"]
[Round "1"]
[White "Ariste Justo, Jesus Angel"]
[Black "Escabias Perez, Miguel"]
[Result "1/2-1/2"]
[WhiteElo "1858"]
[BlackElo "1590"]
[PlyCount "41"]
[EventDate "2014.11.16"]
[EventType "swiss"]
[EventRounds "8"]
[EventCountry "ESP"]
[SourceTitle "CBM 163 Extra"]
[Source "ChessBase"]
[SourceDate "2014.12.23"]
[SourceVersion "1"]
[SourceVersionDate "2014.12.23"]
[SourceQuality "1"]

1. d4 d5 2. c4 e6 3. Nc3 Nf6 4. Nf3 Nbd7 5. g3 Be7 6. Bg2 dxc4 7. Qa4 0-0 8. Qxc4 Nb6 9. Qb3 Re8 10. 0-0 c6 11. a4 Nbd5 12. Ne5 Qb6 13. Qd1 Nd7 14. Nc4 Qc7 15. e4 Nxc3 16. bxc3 e5 17. dxe5 Nxe5 18. Bf4 Bf6 19. Qe2 Qe7 20. Nxe5 Bxe5 21. Bxe5 1/2-1/2

[Event "Tarragona Province-ch Seniors"]
[Site "Cambrils"]
[Date "2013.03.07"]
[Round "6"]
[White "Ferrer Dalmau, Josep Antonio"]
[Black "Ariste Justo, Jesus Angel"]
[Result "1-0"]
[WhiteElo "1788"]
[BlackElo "1876"]
[PlyCount "57"]
[EventDate "2013.01.31"]
[EventType "swiss"]
[EventRounds "8"]
[EventCountry "ESP"]
[SourceTitle "EXT 2017"]
[Source "ChessBase"]
[SourceDate "2016.10.25"]
[SourceVersion "1"]
[SourceVersionDate "2016.10.25"]
[SourceQuality "1"]

1. d4 d5 2. c4 c6 3. Nc3 Nf6 4. cxd5 cxd5 5. Bf4 Nc6 6. a3 Bf5 7. e3 e6 8. Na4 Rc8 9. Rc1 a6 10. Nc3 Be7 11. h3 h6 12. Nf3 Qb6 13. Na4 Qa7 14. Ne5 0-0 15. b4 Nxe5 16. Bxe5 a5 17. Nc5 b6 18. Na6 axb4 19. axb4 Qb7 20. Be2 Rxc1 21. Qxc1 Rc8 22. Qa1 Rc2 23. Bd1 Rc4 24. Be2 Bxb4+ 25. Nxb4 Rxb4 26. 0-0 Ne4 27. Rc1 Nf6 28. Rc7 Qxc7 29. Qa8+ 1-0

[Event "Tarragona Province-ch Seniors"]
[Site "Cambrils"]
[Date "2013.02.14"]
[Round "3"]
[White "Ariste Justo, Jesus Angel"]
[Black "Tuduri Jerez, Manuel"]
[Result "0-1"]
[WhiteElo "1876"]
[BlackElo "1986"]
[PlyCount "74"]
[EventDate "2013.01.31"]
[EventType "swiss"]
[EventRounds "8"]
[EventCountry "ESP"]
[SourceTitle "EXT 2017"]
[Source "ChessBase"]
[SourceDate "2016.10.25"]
[SourceVersion "1"]
[SourceVersionDate "2016.10.25"]
[SourceQuality "1"]

1. d4 Nf6 2. Nf3 d5 3. c4 c6 4. Nc3 e6 5. g3 Be7 6. Bg2 0-0 7. 0-0 Re8 8. b3 Nbd7 9. Qc2 Bb4 10. Rd1 Bxc3 11. Qxc3 Ne4 12. Qc2 f5 13. Bf4 Qe7 14. Rac1 g6 15. Ne5 Nef6 16. Bg5 Qg7 17. Nf3 h6 18. Bf4 g5 19. Bd6 Ne4 20. Bb4 a5 21. Ba3 g4 22. Nh4 Nf8 23. f3 Nf6 24. Rd3 h5 25. Rf1 Ng6 26. Nxg6 Qxg6 27. Qd2 Kh7 28. Qf4 Qh6 29. Bc1 Qxf4 30. Bxf4 Kg6 31. h3 Rh8 32. Be5 Rh7 33. fxg4 hxg4 34. Bxf6 gxh3 35. Be5 hxg2 36. Kxg2 Bd7 37. Rdf3 Rh5 0-1

[Event "ESP-ch blind 22nd"]
[Site "Benidorm"]
[Date "2010.11.20"]
[Round "7"]
[White "Garcia Andrinal, Antonio"]
[Black "Ariste Justo, Jesus Angel"]
[Result "1/2-1/2"]
[WhiteElo "1757"]
[BlackElo "1875"]
[PlyCount "73"]
[EventDate "2010.11.14"]
[EventType "swiss"]
[EventRounds "8"]
[EventCountry "ESP"]
[SourceTitle "CBM 139 Extra"]
[Source "ChessBase"]
[SourceDate "2011.01.05"]
[SourceVersion "1"]
[SourceVersionDate "2011.01.05"]
[SourceQuality "1"]

1. e4 d5 2. exd5 Nf6 3. d4 Bg4 4. Nf3 Qxd5 5. Be2 Nc6 6. c3 0-0-0 7. Nbd2 e6 8. 0-0 Be7 9. Ne5 Nxe5 10. dxe5 Bxe2 11. Qxe2 Nd7 12. Nf3 Nc5 13. Bf4 Qd3 14. Qe3 h6 15. Nd4 g5 16. Bg3 h5 17. h3 Qg6 18. Ne2 Rd3 19. Qc1 Rhd8 20. Nd4 Ne4 21. Qc2 Nxg3 22. fxg3 c5 23. Rac1 Kb8 24. b4 c4 25. Qa4 Rc8 26. Qd7 Rxg3 27. Qxe7 Qe4 28. Rf2 Qe3 29. Qd6+ Ka8 30. Rcf1 g4 31. Nb5 a6 32. Nc7+ Ka7 33. Qd4+ Qxd4 34. cxd4 Rxc7 35. hxg4 Rxg4 36. Rxf7 Rxf7 37. Rxf7 1/2-1/2

[Event "Salou op 12th"]
[Site "Salou"]
[Date "2010.06.19"]
[Round "7"]
[White "Menendez Solar, Jose Carlos"]
[Black "Ariste Justo, Jesus Angel"]
[Result "1/2-1/2"]
[WhiteElo "1865"]
[BlackElo "1865"]
[PlyCount "39"]
[EventDate "2010.06.13"]
[EventType "swiss"]
[EventRounds "7"]
[EventCountry "ESP"]
[SourceTitle "CBM 137 Extra"]
[Source "ChessBase"]
[SourceDate "2010.09.01"]
[SourceVersion "1"]
[SourceVersionDate "2010.09.01"]
[SourceQuality "1"]

1. d4 d5 2. Nf3 Nf6 3. c4 c6 4. Nc3 e6 5. g3 Nbd7 6. Bg2 dxc4 7. a4 Be7 8. 0-0 0-0 9. e4 Re8 10. Qe2 Bf8 11. Rd1 Qe7 12. e5 Nd5 13. Ne4 f6 14. Nd6 Rd8 15. Nd2 fxe5 16. dxe5 Nxe5 17. Nxc8 Qf6 18. Bh3 Re8 19. Ne4 Qd8 20. f4 1/2-1/2

[Event "Bilbao-ch blind 21st"]
[Site "Bilbao"]
[Date "2008.11.23"]
[Round "8"]
[White "Ariste Justo, Jesus Angel"]
[Black "Mejias Gonzalez, Javier"]
[Result "1-0"]
[WhiteElo "1897"]
[BlackElo "1973"]
[PlyCount "117"]
[EventDate "2008.11.16"]
[EventType "swiss"]
[EventRounds "8"]
[EventCountry "ESP"]
[SourceTitle "CBM 127 Extra"]
[Source "ChessBase"]
[SourceDate "2009.01.08"]
[SourceVersion "2"]
[SourceVersionDate "2009.01.28"]
[SourceQuality "1"]

1. d4 Nf6 2. Nf3 g6 3. g3 Bg7 4. Bg2 0-0 5. 0-0 d6 6. c4 c6 7. Nc3 Nbd7 8. Re1 e5 9. dxe5 dxe5 10. Qc2 Qc7 11. h3 Re8 12. Be3 Nf8 13. Rad1 Bf5 14. Qc1 Rad8 15. Ng5 h6 16. Nge4 Nxe4 17. Nxe4 Kh7 18. Rxd8 Rxd8 19. Rd1 b6 20. c5 Rxd1+ 21. Qxd1 Bxe4 22. Bxe4 f5 23. Bc2 f4 24. gxf4 exf4 25. Bd4 Qd7 26. Bxg7 Kxg7 27. Qxd7+ Nxd7 28. Be4 Nxc5 29. Bxc6 Kf6 30. Kg2 Ne6 31. Be4 Nc5 32. Bc2 Ne6 33. Be4 g5 34. Bd3 Nd4 35. Kf1 Ke5 36. Ke1 Nc6 37. Bg6 Nb4 38. Bf7 Na6 39. Kd2 Nc5 40. Bg6 Kd4 41. Bh5 Ne4+ 42. Ke1 Nf6 43. Bg6 h5 44. Bf5 Ke5 45. Bg6 g4 46. hxg4 hxg4 47. Kf1 Ne4 48. Bh7 Nd2+ 49. Ke1 g3 50. fxg3 fxg3 51. Bg8 Kd4 52. Be6 Ke3 53. Bh3 Nc4 54. b3 Na5 55. Bg2 b5 56. Bf3 Nc4 57. bxc4 bxc4 58. Kd1 Kf2 59. Kd2 1-0

[Event "Bilbao-ch blind 21st"]
[Site "Bilbao"]
[Date "2008.11.17"]
[Round "2"]
[White "Olivera Gutierrez, Albert"]
[Black "Ariste Justo, Jesus Angel"]
[Result "1-0"]
[WhiteElo "2122"]
[BlackElo "1897"]
[PlyCount "33"]
[EventDate "2008.11.16"]
[EventType "swiss"]
[EventRounds "8"]
[EventCountry "ESP"]
[SourceTitle "CBM 127 Extra"]
[Source "ChessBase"]
[SourceDate "2009.01.08"]
[SourceVersion "2"]
[SourceVersionDate "2009.01.28"]
[SourceQuality "1"]

1. e4 c5 2. Nf3 e6 3. d4 cxd4 4. Nxd4 a6 5. c4 Nf6 6. Nc3 Qc7 7. a3 Nc6 8. Be3 Be7 9. Be2 Ne5 10. f4 Nxc4 11. Bxc4 Qxc4 12. Rc1 0-0 13. Nd5 exd5 14. Rxc4 dxc4 15. Nf5 Re8 16. e5 Ne4 17. Qd5 1-0

[Event "ESP-ch Ciegos"]
[Site "Cordoba"]
[Date "2006.11.20"]
[Round "2"]
[White "Aguilar Sevilla, Diego"]
[Black "Ariste Justo, Jesus Angel"]
[Result "1-0"]
[WhiteElo "2143"]
[BlackElo "1960"]
[PlyCount "63"]
[EventDate "2006.11.19"]
[EventType "swiss"]
[EventRounds "9"]
[EventCountry "ESP"]
[SourceTitle "EXT 2008"]
[Source "ChessBase"]
[SourceDate "2007.11.25"]
[SourceVersion "1"]
[SourceVersionDate "2007.11.25"]
[SourceQuality "1"]

1. e4 c5 2. Nf3 e6 3. d4 cxd4 4. Nxd4 a6 5. Bd3 Nc6 6. Nxc6 dxc6 7. Nd2 Nf6 8. 0-0 Qc7 9. f4 b5 10. c4 Bb7 11. e5 Nd7 12. Kh1 Be7 13. b3 h6 14. Bb2 b4 15. Qe2 Nc5 16. Bc2 a5 17. f5 0-0-0 18. Nf3 Kb8 19. Bd4 exf5 20. Qf2 Nd7 21. Bxf5 c5 22. Bb2 Rhe8 23. Rfe1 Nf8 24. a3 Ne6 25. axb4 axb4 26. Bc1 Nd4 27. Nxd4 cxd4 28. Bf4 Bc5 29. e6 Bd6 30. Qxd4 Bxf4 31. Qa7+ Kc8 32. exf7+ 1-0

[Event "Calpe op"]
[Site "Calpe"]
[Date "2004.11.27"]
[Round "7"]
[White "Saez Gabikagogeaskoa, Oscar"]
[Black "Ariste Justo, Jesus Angel"]
[Result "1-0"]
[WhiteElo "1999"]
[BlackElo "1980"]
[PlyCount "129"]
[EventDate "2004.11.21"]
[EventType "swiss"]
[EventRounds "9"]
[EventCountry "ESP"]
[SourceTitle "CBM 103 Extra"]
[Source "ChessBase"]
[SourceDate "2005.01.01"]
[SourceVersion "1"]
[SourceVersionDate "2005.01.01"]
[SourceQuality "1"]

1. e4 c5 2. Nf3 a6 3. Nc3 Nc6 4. d4 cxd4 5. Nxd4 e6 6. Be2 Qc7 7. 0-0 Nf6 8. Nb3 Be7 9. a4 b5 10. axb5 Nb4 11. bxa6 0-0 12. Be3 Nxa6 13. f4 Bb7 14. e5 Ne8 15. Bf3 d6 16. Nb5 Qd7 17. Bxb7 Qxb7 18. exd6 Bf6 19. Nc3 Rd8 20. Na5 Qxb2 21. Ne4 Qxa1 22. Qxa1 Bxa1 23. Nc6 Bf6 24. Nxd8 Bxd8 25. Ra1 Nb8 26. Ra8 Nd7 27. Rxd8 Nef6 28. Nxf6+ Nxf6 29. Rxf8+ Kxf8 30. c4 Ke8 31. c5 Kd7 32. Bd4 Nd5 33. g3 f6 34. Kf2 Nb4 35. Kf3 Kc6 36. g4 Kd5 37. Bf2 e5 38. fxe5 Kxe5 39. Bg3+ Ke6 40. Ke4 Kd7 41. h4 Nc6 42. h5 Nd8 43. Kd5 Nc6 44. Be1 Nd8 45. Bc3 Nc6 46. h6 gxh6 47. Bxf6 Nb4+ 48. Ke4 Na6 49. Bd4 Ke6 50. Kf4 Nb8 51. Kg3 Nc6 52. Be3 Kd5 53. Kh4 Ke6 54. Bxh6 Ne5 55. Be3 Kf7 56. Kg5 Ke6 57. Bf4 Nf7+ 58. Kh5 Kd7 59. g5 Kc6 60. Be3 Kd7 61. Kg4 Kc6 62. Kf5 Kd7 63. Kf6 Nd8 64. Kg7 Ne6+ 65. Kxh7 1-0